Responses for Show #6752 - Tuesday, January 14, 2014

Sarah McNitt game 1.

Contestants

[<< previous game]

Osei Boakye, a graduate student of history from Clearwater, Florida

Sarah McNitt, a study-abroad advisor originally from Ann Arbor, Michigan

Michelle DeGrothy, a Navy helicopter pilot from Neptune Beach, Florida (whose 2-day cash winnings total $25,900)

[next game >>]

Jeopardy! Round responses

EMMY-WINNING DRAMATIC ACTORS
EXPLOSIVE IMPLOSIONS
LOST & FOUND
DOUBLE "T" WORDS
HAPPY BIRTH DAY TO YOU
YOU LIVE IN A ZOO
    $200 4
William Shatner

Osei
    $200 26
(Alex: With less than a minute to go.)

Kansas

Sarah
    $200 13
generation

Osei
    $200 3
whittle

Osei
    $200 21
Davy Crockett

Sarah
    $200 1
pandas

Michelle
    $400 5
Tom Selleck

Michelle
    $400 27
the (Dallas) Cowboys

Michelle
    $400 14
the Great Wall of China

Michelle
    $400 6
smitten

Sarah
    $400 22
(William Randolph) Hearst

Osei
    $400 2
lemurs

Sarah
    $600 10
Maggie Smith

Sarah
    $600 28
a nuclear power plant

Sarah
    $600 15
a collage

Sarah
    $600 7
an outtake

Sarah
    $600 23
Angela Merkel

Sarah
    $600 16
a leopard

Michelle
    $800 11
(Osei: Who is Glessman?)

Tyne Daly

SarahOsei
    $800 29
the IRS

Michelle
    $800 19
prosthetics

Sarah
    $800 8
frittered (or puttered)

Sarah
    $800 24
Bugsy Siegel

Osei
    $600 17
(Michelle: What is a caiman?)

an alpaca

Michelle
    $1000 12
Ed Asner

Osei
    $1000 30
Bismarck

Michelle
    $1000 20
Europa

Sarah
    $1000 9
blotter

Osei
    $1000 25
Fulton

Michelle
    $1000 18
(Osei: What is a cockatoo?)
(Sarah: What is a cuckoo?)

a kookaburra

MichelleSarahOsei

Scores at the first commercial break (after clue 15):

Michelle Sarah Osei
$1,000 $4,200 $1,800

Scores at the end of the Jeopardy! Round:

Michelle Sarah Osei
$5,200 $6,600 $2,000

Double Jeopardy! Round responses

THE CIVIL WAR IN 1864
INSIDE ART
COMPOUND WORDS
U.S. GOVERNMENT
WOMEN AUTHORS
LET'S PUT OUR BAND NAME IN THE SONG!
    $400 24
(Osei: What is Tennessee?)
[The end-of-round signal sounds.]

Georgia

Osei
Triple Stumper
    $400 1
the crucifixion

Osei
    $400 13
blackmail

Sarah
    $400 11
unicameral

Sarah
    $400 4
J.K. Rowling

Sarah
    $400 18
The Monkees

Michelle
    $800 2
(Osei: Who is [*] or Dionysus?)
(Alex: Yes. I'm sorry, we can't--you added, you were correct with [*] but by adding Dionysus, that made your response unacceptable. Sorry about that.)

Bacchus

Osei
Triple Stumper
    $800 14
fireworks (or firecrackers)

Michelle
    $800 12
(Sarah: What is Congress?)
(Alex: Mm, you have to be more...)
(Sarah: The House of Representatives?)
(Osei: What is the Senate?)
(Alex: Be more specific.)
(Osei: What is the U.S. Senate?)

the Senate Judiciary Committee

SarahOsei
Triple Stumper
    $800 5
Sue Grafton

Sarah
    $800 19
(Alex: With less than a minute to go.)

the Pet Shop Boys

Sarah
    $1200 3
a bull

Sarah
    $1200 15
mothballs

Sarah
    $1200 23
Homeland Security

Triple Stumper
    $1200 6
Elizabeth Gilbert

Triple Stumper
    $1200 20
a Big Country

Sarah
    $1600 9
a magic square

Triple Stumper
    $2,000 16
(Sarah: [long pause] I don't know.)

a taxicab

Sarah
    $1600 7
Jane Austen

Sarah
    $1600 21
Talk Talk

Triple Stumper
    $2000 10
The School of Athens

Triple Stumper
    $2000 17
honeydew

Michelle
    $2000 8
(Michelle: Who is Plath?)

(Virginia) Woolf

MichelleOsei
    $2000 22
Bad Company

Michelle

Scores at the end of the Double Jeopardy! Round:

Michelle Sarah Osei
$8,400 $11,800 $2,400

[wagering suggestions for these scores]

Final Jeopardy! Round responses

OCCUPATIONAL FIRST NAMES
OseiWhat is Mason?
$2,300
MichelleWhat is Mason?
$5,002
SarahWhat is Mason?
$4,000
Mason

Final scores:

Michelle Sarah Osei
$13,402 $15,800 $4,700
2nd place: $2,000 New champion: $15,800 3rd place: $1,000

Game dynamics:

Coryat scores:

Michelle Sarah Osei
$9,000 $13,800 $2,400
13 R,
2 W
(including 1 DD)
22 R,
3 W
(including 1 DD)
9 R,
5 W

Combined Coryat: $25,200

[game clues] [game scores] [suggest correction]

Game tape date: 2013-11-06
The J! Archive is created by fans, for fans. Scraping, republication, monetization, and malicious use prohibited; this site may use cookies and collect identifying information. See terms. The Jeopardy! game show and all elements thereof, including but not limited to copyright and trademark thereto, are the property of Jeopardy Productions, Inc. and are protected under law. This website is not affiliated with, sponsored by, or operated by Jeopardy Productions, Inc. Join the discussion at JBoard.tv.